000 00518nam a2200145 4500
999 _c7336
_d7336
008 170817b xxu||||| |||| 00| 0 eng d
022 _a16565541
082 _aDPer 641.05 F73 Dec 2012-Nov 2013 v. 9-10, n. 6-5
245 _aThe next great chefs.
260 _aMakati City, Philippines:
_bHinge Inquirer Publications, Inc.,
_c©2012-2013.
300 _av10 n5, pages 16-17:
_billustrations;
_c28 cm.
500 _aFood and beverages: make a living with food.
650 0 _922303
_aCooking
_xChef
942 _2ddc
_cPER